OPAC Home

රෝම පර්හසන නාට්‍ය දෙකක් : කහවනු මුට්ටිය සහ නපුංසකයා (Record no. 130268)

MARC details
000 -LEADER
fixed length control field 00616nam a2200193Ia 4500
003 - CONTROL NUMBER IDENTIFIER
control field LK-CoDNM
008 - FIXED-LENGTH DATA ELEMENTS--GENERAL INFORMATION
fixed length control field 010623t2010 xxu||||| |||| 00| 1 sin d
040 ## - CATALOGING SOURCE
Original cataloging agency LK-CoDNM
Modifying agency LK-CoDNM
Description conventions LK-CoDNM
041 ## - LANGUAGE CODE
Language code of text/sound track or separate title Sinhala; Sinhalese
080 ## - UNIVERSAL DECIMAL CLASSIFICATION NUMBER
Universal Decimal Classification number 8S2 PLO
942 ## - ADDED ENTRY ELEMENTS (KOHA)
Koha item type Books
100 ## - MAIN ENTRY--PERSONAL NAME
Personal name Peris,Merlin
700 ## - ADDED ENTRY--PERSONAL NAME
Personal name Plitus
700 ## - ADDED ENTRY--PERSONAL NAME
Personal name Terance
245 ## - TITLE STATEMENT
Title රෝම පර්හසන නාට්‍ය දෙකක් : කහවනු මුට්ටිය සහ නපුංසකයා
246 ## - VARYING FORM OF TITLE
Title proper/short title Roma Prahasana Natya Dekak :Kahawanu Muttiya saha Napunsakaya
260 ## - PUBLICATION, DISTRIBUTION, ETC. (IMPRINT)
Name of publisher, distributor, etc. Godage
Place of publication, distribution, etc. Colombo
Date of publication, distribution, etc. 2010
300 ## - PHYSICAL DESCRIPTION
Other physical details 152, 21 cm
Holdings
Withdrawn status Lost status Damaged status Not for loan Collection code Permanent Location Current Location Date acquired Full call number Barcode Koha item type
        Monographs Library National Museum Colombo - Sri Lanka Library National Museum Colombo - Sri Lanka 2023-08-02 8S2 PLO 153754 Books
Copyright © 2023 Department of National Museum, Colombo 07, Sri Lanka Funded by UNESCO IFAP UNESCO